Catálogo público

(Record no. 183166)

MARC details
000 -CABECERA
campo de control de longitud fija 00371nam a2200121Ia 4500
001 - NÚMERO DE CONTROL
campo de control IA_2. Proyectos Agroindustriales
008 - DATOS DE LONGITUD FIJA--INFORMACIÓN GENERAL
campo de control de longitud fija 220117s xx 000 0 und d
010 ## - NÚMERO DE CONTROL DE LA BIBLIOTECA DEL CONGRESO
Número de control de LC 183166
700 1# - PUNTO DE ACCESO ADICIONAL--NOMBRE DE PERSONA
Nombre de persona Nava Castañeda, Gregorio Valentín
9 (RLIN) 80441
942 ## - ELEMENTOS DE PUNTO DE ACCESO ADICIONAL (KOHA)
Tipo de ítem Koha

No items available.